Central Library OPAC University of Rajshahi

Equality of women in the U.S.S.R. : (Record no. 26649)

MARC details
000 -LEADER
fixed length control field 00928cam a22002771 4500
001 - CONTROL NUMBER
control field 26649
003 - CONTROL NUMBER IDENTIFIER
rucl marc code BD-RjUL
005 - DATE AND TIME OF LATEST TRANSACTION
control field 20211209051040.0
008 - FIXED-LENGTH DATA ELEMENTS--GENERAL INFORMATION
fixed length control field 140323s1957 ru ac 100 0 eng d
035 ## - SYSTEM CONTROL NUMBER
System control number (BD-RjUL)26719
System control number (OCoLC)1914809
040 ## - CATALOGING SOURCE
Original cataloging agency DLC
Transcribing agency RPB
Modifying agency DLC
-- BD-RjUL
Language of cataloging eng
041 ## - LANGUAGE CODE
Language code of text/sound track or separate title eng
082 04 - DEWEY DECIMAL CLASSIFICATION NUMBER
Classification number 396
Author mark and year EQU 1957
100 ## - MAIN ENTRY--PERSONAL NAME
Personal name ,
9 (RLIN) 81896
245 10 - TITLE STATEMENT
Title Equality of women in the U.S.S.R. :
Remainder of title materials of [an] international seminar, Moscow, September 15-October 1, 1956 /
Statement of responsibility, etc. Compiled by L. Petrova and S. Gilevskaya
260 ## - PUBLICATION, DISTRIBUTION, ETC. (IMPRINT)
Place of publication, distribution, etc. Moscow :
Name of publisher, distributor, etc. Foreign Languages Pub. House,
Date of publication, distribution, etc. 1957.
300 ## - PHYSICAL DESCRIPTION
Pagination 361 p. :
Illustrations ill. ;
Size 20 cm.
650 #0 - SUBJECT ADDED ENTRY--TOPICAL TERM
Topical term or geographic name as entry element Women
Geographic subdivision Soviet Union.
9 (RLIN) 81897
Topical term or geographic name as entry element Women
General subdivision Legal status, laws, etc.
Geographic subdivision Soviet Union.
9 (RLIN) 81898
700 1# - ADDED ENTRY--PERSONAL NAME
Personal name Petrova L
Relator term joint ed.
Personal name Gilevskai︠a︡, S.,
942 ## - ADDED ENTRY ELEMENTS (KOHA)
Source of classification or shelving scheme Dewey Decimal Classification
Koha item type Books
Holdings
Lost status Source of classification or shelving scheme Damaged status Not for loan Collection code Permanent Location Current Location Shelving location Date acquired Source of acquisition Total Checkouts Full call number Date last seen Copy number Koha item type
  Dewey Decimal Classification   Added to bundle Non-fiction Central Library, University of Rajshahi Central Library, University of Rajshahi Reading Room 11/09/1958 U. S. I .S. Dhaka Gift   396 EQU 1957 23/03/2014 C-1 Books